000
00303 a2200145 4500
001
154914
040
_c
Escola São Tomás de Aquino
100
_a
CISCATO
240
1
0
_a
PLaneta Química
_l
por
245
1
0
_a
PLaneta Química
300
_a
192
440
1
_a
Ática
697
_a
QUÍMICA
942
_c
BK
999
_c
154914
_d
154914